| 000 | 004340000a22001810004500 | ||
|---|---|---|---|
| 003 | MACL | ||
| 005 | 20151027143554.0 | ||
| 008 | 151027b xxu||||| |||| 00| 0 eng d | ||
| 040 |
_aMACL _cMACL |
||
| 041 | _aEnglish | ||
| 082 | _a222/THI | ||
| 100 |
_aThirumeni, M _916960 |
||
| 245 | _aIndia Of My Dreams | ||
| 260 |
_bSarup & Sons _c2007 _aNew Delhi |
||
| 350 | _a300 | ||
| 650 |
_aGeneralities _91354 |
||
| 942 |
_cBK _k000/THI _2ddc |
||
| 999 |
_c43949 _d43949 |
||